书目信息 |
| 题名: |
Visual Basic.NET精彩编程百例
|
|
| 作者: | 李强 编著 | |
| 分册: | ||
| 出版信息: | 北京 中国水利水电出版社 2004.04 |
|
| 页数: | 352页 | |
| 开本: | 26cm | |
| 丛书名: | 万水创作效果百例丛书 | |
| 单 册: | ||
| 中图分类: | TP312 | |
| 科图分类: | ||
| 主题词: | BASIC语言--程序设计 , BASIC语言 , 程序设计 | |
| 电子资源: | ||
| ISBN: | 7-5084-1839-5 | |
| 000 | 00741nam2 2200253 45 | |
| 001 | 012004000000 | |
| 005 | 20050113150730.31 | |
| 010 | @a7-5084-1839-5@dCNY 32.00 | |
| 100 | @a20040714d2004 em y0chiy0121 ea | |
| 101 | 0 | @achi |
| 102 | @aCN@b110000 | |
| 105 | @aak z 000yy | |
| 200 | 1 | @aVisual Basic.NET精彩编程百例@AVisual Basic.NET jing cai bian cheng bai li@f李强编著 |
| 210 | @a北京@c中国水利水电出版社@d2004.04 | |
| 215 | @a352页@c图, 表格@d26cm | |
| 225 | 2 | @a万水创作效果百例丛书 |
| 410 | 0 | @12001 @a万水创作效果百例丛书 |
| 606 | 0 | @aBASIC语言@x程序设计 |
| 606 | 0 | @aBASIC语言 |
| 606 | 0 | @a程序设计 |
| 690 | @aTP312@v4 | |
| 701 | 0 | @a李强@Ali qiang@4编著 |
| 801 | 0 | @aCN@bQSSKw@c20050113 |
| 905 | @a10447@dTP312@eL232 | |
| Visual Basic.NET精彩编程百例/李强编著.-北京:中国水利水电出版社,2004.04 |
| 352页:图, 表格;26cm.-(万水创作效果百例丛书) |
| ISBN 7-5084-1839-5:CNY 32.00 |
| ● |
| 相关链接 |
|
|
|
正题名:Visual Basic.NET精彩编程百例
索取号:TP312/L232
 
预约/预借
| 序号 | 登录号 | 条形码 | 馆藏地/架位号 | 状态 | 备注 |
| 1 | 421235 | 204212351 | 自科二线504/504自科库 2排3列4层/ [索取号:TP312/L232] | 在馆 | |
| 2 | 421236 | 204212360 | 自科二线504/504自科库 3排3列2层/ [索取号:TP312/L232] | 在馆 | |
| 3 | 421237 | 204212379 | 自科库301/301自科库 49排4列2层/ [索取号:TP312/L232] | 在馆 | |
| 4 | 437298 | 204372981 | 期刊室512/301自科库 45排4列1层/ [索取号:TP312/L232] | 在馆 | |
| 5 | 437299 | 204372990 | 期刊室512/301自科库 45排4列1层/ [索取号:TP312/L232] | 在馆 | |
| 6 | 437300 | 204373007 | 自科库301/301自科库 49排4列2层/ [索取号:TP312/L232] | 在馆 |